000 00460nam a2200133 a 4500
001 000037954
005 20201002031137.0
008 130311s2004 dr 000 0 spa d
040 _aDO-SdBNP
_bspa
_cBNPHU
245 0 0 _aSabía usted que que :
_bla participación ciudadana en la constitución y el las leyes.
260 _aSanto Domingo :
_bCONARE,
_c[200-?].
300 _a46 p. :
_bil., retrs. ;
_c18 cm.
710 1 _aConsejo Nacional de Reforma del Estado
_910038
999 _c37444
_d37444